Consumer energy conservation policies in the U.K.
Salvato in:
| Autore principale: | |
|---|---|
| Altri autori: | |
| Natura: | Libro |
| Lingua: | inglese |
| Pubblicazione: |
Berlin
Internationales Institut für Umwelt und Gesellschaft
1982
|
| Tags: |
Nessun Tag, puoi essere il primo ad aggiungerne!!
|
MARC
| LEADER | 00000nam a2200000 4500 | ||
|---|---|---|---|
| 001 | c114554 | ||
| 005 | 20041019155158.9 | ||
| 041 | 0 | |a eng | |
| 044 | |a DE | ||
| 245 | 1 | 0 | |a Consumer energy conservation policies in the U.K. |c George Gaskell, Richard Pike |
| 264 | 1 | |a Berlin |b Internationales Institut für Umwelt und Gesellschaft |c 1982 | |
| 300 | |a 108 s. | ||
| 100 | 1 | |a Gaskell, George | |
| 700 | 1 | |a Pike, Richard | |